000 00249nam a2200097Ia 4500
001 652679
005 20250826154443.0
008 250824s9999 xx 000 0 und d
245 0 _aSERÜVEN AVCILARI
_cJEANNE BİRDSALL
260 _bALTIN KİTAP YAYINLARI
999 _c652679
_d652679